All Time NASCAR Cup Series Champions - Statistics

General Stats
  • This quiz has been taken 62 times
    38 since last reset
  • The average score is 48 of 77
Answer Stats
Hint Answer % Correct
1980 Dale Earnhardt
100%
1986 Dale Earnhardt
100%
1987 Dale Earnhardt
100%
1990 Dale Earnhardt
100%
1991 Dale Earnhardt
100%
1993 Dale Earnhardt
100%
1994 Dale Earnhardt
100%
1954 Lee Petty
100%
1958 Lee Petty
100%
1959 Lee Petty
100%
1964 Richard Petty
100%
1967 Richard Petty
100%
1971 Richard Petty
100%
1972 Richard Petty
100%
1974 Richard Petty
100%
1975 Richard Petty
100%
1979 Richard Petty
100%
1995 Jeff Gordon
88%
1997 Jeff Gordon
88%
1998 Jeff Gordon
88%
2001 Jeff Gordon
88%
2006 Jimmie Johnson
88%
2007 Jimmie Johnson
88%
2008 Jimmie Johnson
88%
2009 Jimmie Johnson
88%
2010 Jimmie Johnson
88%
2013 Jimmie Johnson
88%
2016 Jimmie Johnson
88%
2018 Joey Logano
71%
2022 Joey Logano
71%
2024 Joey Logano
71%
2004 Kurt Busch
68%
2015 Kyle Busch
68%
2019 Kyle Busch
68%
1976 Cale Yarborough
65%
1977 Cale Yarborough
65%
1978 Cale Yarborough
65%
1981 Darrell Waltrip
65%
1982 Darrell Waltrip
65%
1985 Darrell Waltrip
65%
1988 Bill Elliott
62%
2020 Chase Elliott
62%
2002 Tony Stewart
59%
2005 Tony Stewart
59%
2011 Tony Stewart
59%
1983 Bobby Allison
53%
2000 Bobby Labonte
53%
2021 Kyle Larson
53%
2025 Kyle Larson
53%
1989 Rusty Wallace
53%
1984 Terry Labonte
53%
1996 Terry Labonte
53%
2014 Kevin Harvick
50%
2012 Brad Keselowski
47%
2003 Mattt Kenseth
47%
1966 David Pearson
38%
1968 David Pearson
38%
1969 David Pearson
38%
2017 Martin Truex, Jr.
38%
2023 Ryan Blaney
38%
1992 Alan Kulwicki
32%
1999 Dale Jarrett
29%
1961 Ned Jarrett
29%
1965 Ned Jarrett
29%
1949 Red Byron
24%
1973 Benny Parsons
21%
1952 Tim Flock
21%
1955 Tim Flock
21%
1956 Buck Baker
18%
1957 Buck Baker
18%
1970 Bobby Isaac
12%
1951 Herb Thomas
12%
1953 Herb Thomas
12%
1962 Joe Weatherly
9%
1963 Joe Weatherly
9%
1960 Rex White
9%
1950 Bill Rexford
6%
No matching quizzes found
Score Distribution
Percent of People with Each Score
Percentile by Number Answered
Your Score History
You have not taken this quiz since the last reset